The library in the information revolution

Bibliographic Details
Format: Book
Published: Singapore : Maruzen Asia , 1983

MARC

LEADER 00000cam a2200000 7i4500
001 0000015399
005 20050701.0
020 |a 9971954176 
040 |a INS 
090 0 0 |a Z678.9.   |b L679 1983 
245 1 4 |a The library in the information revolution 
260 |a Singapore :   |b Maruzen Asia ,   |c 1983 
300 |a viiip :   |b 671p ;   |c 26cm. 
999 |a 0000015455   |b BOOK   |c Open Shelf   |e Default branch